000 00715nam a2200241 i 4500
001 C2-0324712
003 PPAK
005 20180728123020.0
008 131219s2013 nyua|||| ||||| | eng d
020 _a9780231160629
040 _aPPAK
_beng
_cPPAK
_erda
082 0 4 _a174.4
_223
090 0 0 _a174.4
_bTUR
_dLCK
100 1 _aTurak, August,
_eauthor
245 1 0 _aBusiness Secrets Of The Trappist Monks :
_bone CEO's quest for meaning and authenticity
264 1 _aNew York :
_bColumbia Business School ,
_c2013
300 _a182 pages :
_billustrations ;
_c24 cm
336 _2rdacontent
_atext
337 _2rdamedia
_aunmediated
338 _2rdacarrier
_avolume
500 _aHadiah
942 _ddc
_cB
999 _c124642
_d124642